000 00453nam a2200181Ia 4500
005 20251121141805.0
008 230125s9999 xx 000 0 und d
020 _a0-7493-0784-6
041 _aeng
082 _a158.1
_bCAM
100 _aCarnegie D
245 _aHow to Win Friends & Influence People
260 _c1981
_bVermilion publisher
_aLondon
300 _a250p
500 _aPersonality Development,
700 _aCarnegie D
942 _cBK
999 _c86856
_d86856